<?xml version="1.0" encoding="UTF-8"?>
<record
    xmlns:xsi="http://www.w3.org/2001/XMLSchema-instance"
    xsi:schemaLocation="http://www.loc.gov/MARC21/slim http://www.loc.gov/standards/marcxml/schema/MARC21slim.xsd"
    xmlns="http://www.loc.gov/MARC21/slim">

  <leader>02090    a2200205   4500</leader>
  <controlfield tag="001">47542</controlfield>
  <controlfield tag="005">20260407155742.0</controlfield>
  <controlfield tag="008">260407a1955    arg                 spa d</controlfield>
  <controlfield tag="003">AR-UNSa-BCEJYS</controlfield>
  <datafield tag="040" ind1=" " ind2=" ">
    <subfield code="a">AR-UNSa-BCEJYS</subfield>
    <subfield code="b">spa</subfield>
    <subfield code="c">AR-UNSa-BCEJYS</subfield>
  </datafield>
  <datafield tag="080" ind1=" " ind2=" ">
    <subfield code="a">338.2</subfield>
    <subfield code="x">Pol&#xED;tica econ&#xF3;mica. Control de la econom&#xED;a. Gesti&#xF3;n de la econom&#xED;a. Planificaci&#xF3;n econ&#xF3;mica</subfield>
  </datafield>
  <datafield tag="245" ind1="1" ind2="0">
    <subfield code="a">Econom&#xED;a Pol&#xED;tica</subfield>
  </datafield>
  <datafield tag="264" ind1=" " ind2="1">
    <subfield code="a">Barcelona :</subfield>
    <subfield code="b">Bosch</subfield>
    <subfield code="c">1955</subfield>
  </datafield>
  <datafield tag="300" ind1=" " ind2=" ">
    <subfield code="a">646 p.</subfield>
    <subfield code="c">23 cm.</subfield>
  </datafield>
  <datafield tag="505" ind1=" " ind2=" ">
    <subfield code="a">1. La orientaci&#xF3;n doctrinal de este curso - 2. Elecci&#xF3;n, planes y expectativas - 3. El plan econ&#xF3;mico para la unidad de consumo - 4. Criterios para la redacci&#xF3;n del plan de la unidad de consumo - 5. Las curvas de indiferencia y la relaci&#xF3;n marginal de sustituci&#xF3;n en la teor&#xED;a de la unidad de consumo - 6. Tablas y curvas de demanda, precio de equilibrio para la unidad de consumo - 7. Sobre la producci&#xF3;n en general - 8. Uniformidades t&#xE9;cnicas especiales para la unidad de producci&#xF3;n - 9. La teor&#xED;a de los costes de producci&#xF3;n de la empresa - 10. La maximizaci&#xF3;n del beneficio de la empresa - 11. Teor&#xED;a de las formas de mercado en general - 12. La pura concurrencia bilateral - 13. Consideraciones sobre el monopolio bilateral - 14. An&#xE1;lisis del duopolio y oligopolio, as&#xED; como del monopolio y oligopolio parcial - 15. Las nuevas variables que determinan la imperfecci&#xF3;n del mercado - 16. Cuestiones relativas a la interdependencia de los mercados - 17. De la micro a la macroeconom&#xED;a. Dinero y bancos - 18. Introducci&#xF3;n a las teor&#xED;as sobre la renta nacional y sobre la ocupaci&#xF3;n - 19. Una piedra angular del sistema keynesiano: La propensi&#xF3;n al consumo - 20. Examen de las razones por las cuales var&#xED;an las "Inversiones" en los sitemas econ&#xF3;micos modernos - 21. La determinaci&#xF3;n de la renta y los fen&#xF3;menos din&#xE1;micos del sistema econ&#xF3;mico - 22. Nuevos esquemas para la interpretaci&#xF3;n de los fen&#xF3;menos relativos a los cambios internacionales.</subfield>
  </datafield>
  <datafield tag="942" ind1=" " ind2=" ">
    <subfield code="c">BK</subfield>
  </datafield>
  <datafield tag="590" ind1=" " ind2=" ">
    <subfield code="a">niveau_biblio:m niveau_hierar:0</subfield>
  </datafield>
  <datafield tag="100" ind1="1" ind2=" ">
    <subfield code="a">Estap&#xE9;, Fabi&#xE1;n</subfield>
  </datafield>
  <datafield tag="700" ind1="1" ind2=" ">
    <subfield code="a">Di Fenizio, Fernando</subfield>
  </datafield>
  <datafield tag="999" ind1=" " ind2=" ">
    <subfield code="c">4414</subfield>
    <subfield code="d">4414</subfield>
  </datafield>
  <datafield tag="952" ind1=" " ind2=" ">
    <subfield code="0">0</subfield>
    <subfield code="1">0</subfield>
    <subfield code="4">0</subfield>
    <subfield code="7">0</subfield>
    <subfield code="a">BCEJYS</subfield>
    <subfield code="b">BCEJYS</subfield>
    <subfield code="c">16</subfield>
    <subfield code="d">2026-04-07</subfield>
    <subfield code="l">0</subfield>
    <subfield code="o">338.2 D536</subfield>
    <subfield code="p">L20248</subfield>
    <subfield code="r">2026-04-07 15:57:42</subfield>
    <subfield code="w">2026-04-07</subfield>
    <subfield code="y">L</subfield>
  </datafield>
  <datafield tag="952" ind1=" " ind2=" ">
    <subfield code="0">0</subfield>
    <subfield code="1">0</subfield>
    <subfield code="4">0</subfield>
    <subfield code="7">0</subfield>
    <subfield code="a">BCEJYS</subfield>
    <subfield code="b">BCEJYS</subfield>
    <subfield code="c">16</subfield>
    <subfield code="d">2026-04-07</subfield>
    <subfield code="l">0</subfield>
    <subfield code="o">338.2 D536</subfield>
    <subfield code="p">L20249</subfield>
    <subfield code="r">2026-04-07 15:57:42</subfield>
    <subfield code="w">2026-04-07</subfield>
    <subfield code="y">L</subfield>
  </datafield>
</record>
